Central Library and Information Centre
Sibsagar Girls' College, Sivasagar : Assam

GEOGRAPHY ECONOMIC & REGIONAL (Record no. 7615)

MARC details
000 -LEADER
fixed length control field 00484cam a2200193ua 4500
008 - FIXED-LENGTH DATA ELEMENTS--GENERAL INFORMATION
fixed length control field 161107n1995 II |||gr||||Z||||||eng
040 ## - CATALOGING SOURCE
Original cataloging agency MAIN
041 ## - LANGUAGE CODE
-- English
082 ## - DEWEY DECIMAL CLASSIFICATION NUMBER
Classification number 330.9 DEK
100 ## - MAIN ENTRY--PERSONAL NAME
Personal name DEKA, PHANI.
245 ## - TITLE STATEMENT
Title GEOGRAPHY ECONOMIC & REGIONAL
260 ## - PUBLICATION, DISTRIBUTION, ETC.
Place of publication, distribution, etc. NEW DELHI
Name of publisher, distributor, etc. KALYANI PUBLISHERS
Date of publication, distribution, etc. 1995
300 ## - PHYSICAL DESCRIPTION
Extent 251:
Dimensions 22CM.
700 ## - ADDED ENTRY--PERSONAL NAME
Personal name DEKA, PHANI.,
Relator term AUTHOR.
700 ## - ADDED ENTRY--PERSONAL NAME
Personal name BHAGABATI, ABANI.,
Relator term AUTHOR.
942 ## - ADDED ENTRY ELEMENTS (KOHA)
Koha item type Books
653 ## - INDEX TERM--UNCONTROLLED
Uncontrolled term Economic Geography
Holdings
Withdrawn status Lost status Damaged status Not for loan Collection code Home library Current library Shelving location Date acquired Total Checkouts Full call number Barcode Date last seen Date last checked out Copy number Price effective from Koha item type Public note
        TBGEO Central Library and Information Centre Sibsagar Girls College Central Library and Information Centre Sibsagar Girls College GEOGRAPHY BOOK RACK 05.02.1997 1 330.9 DEK 14974 09.10.2025 18.09.2025 1 27.02.2020 Books V


Sibsagar Girl's College © 2020. All rights reserved.
Powered by Koha.
Maintained by Abhijit Borpuzari.